Statistics for Indian States by Cuisine

Click here to take the quiz!

General Stats

  • This quiz has been taken 162 times
  • The average score is 11 of 15

Answer Stats

FoodsStates% Correct
LassiPunjab
96%
PongalTamil Nadu
96%
DokhlaGujarat
90%
Vada PavMaharashtra
90%
AvialKerala
83%
DosaKarnataka
82%
SandeshWest Bengal
82%
PulihoraAndhra Pradesh
77%
Dal Bati ChurmaRajasthan
76%
KharAssam
70%
Dal BaflaMadhya Pradesh
63%
LadduBihar
62%
Rogan JoshKashmir
50%
Chhena PodaOdisha
48%
MosdengTripura
32%

Score Distribution

Percentile by Number Answered

Percent of People with Each Score

Your Score History

You have not taken this quiz